[Event "Hyderabad Pearl City op"]
[Site "Hyderabad"]
[Date "2019.09.07"]
[Round "3"]
[White "Srinivasa, Rao GV"]
[Black "Muthaiah, Al"]
[Result "0-1"]
[WhiteElo "1735"]
[BlackElo "2373"]
[PlyCount "68"]
[EventDate "2019.09.06"]
[EventType "swiss"]
[EventRounds "11"]
[EventCountry "IND"]
[SourceTitle "EXT 2020"]
[Source "ChessBase"]
[SourceDate "2019.10.17"]
[SourceVersion "1"]
[SourceVersionDate "2019.10.17"]
[SourceQuality "1"]

1. e4 d6 2. d4 Nf6 3. Nc3 c6 4. Nf3 Bg4 5. h3 Bh5 6. Be3 e6 7. Be2 Be7 8. 0-0 d5 9. exd5 cxd5 10. Ne5 Bxe2 11. Nxe2 Nc6 12. c3 0-0 13. Ng3 Ne8 14. f4 f5 15. Nd3 Nd6 16. Qe2 Ne4 17. Rf3 Qb6 18. Nh1 Qb5 19. Raf1 Na5 20. g4 Nc4 21. Bc1 Qa6 22. a3 Rac8 23. g5 b5 24. h4 Qb6 25. Ng3 a5 26. Ne5 Rc7 27. Nxe4 fxe4 28. R3f2 Nd6 29. f5 Nxf5 30. Qg4 Bd6 31. Rxf5 exf5 32. Rxf5 Bxe5 33. Rxe5 Rcf7 34. Be3 Rf3 0-1

[Event "IND-chT 31st"]
[Site "Cochin"]
[Date "2011.02.24"]
[Round "4"]
[White "Shantharam, KV."]
[Black "Srinivasa, Rao GV"]
[Result "1/2-1/2"]
[WhiteElo "2091"]
[BlackElo "2058"]
[PlyCount "104"]
[EventDate "2011.02.22"]
[EventType "team-swiss"]
[EventRounds "9"]
[EventCountry "IND"]
[SourceTitle "CBM 141 Extra"]
[Source "ChessBase"]
[SourceDate "2011.05.03"]
[SourceVersion "1"]
[SourceVersionDate "2011.05.03"]
[SourceQuality "1"]
[WhiteTeam "Indian Bank"]
[BlackTeam "AP"]
[WhiteTeamCountry "IND"]
[BlackTeamCountry "IND"]

1. Nf3 Nf6 2. c4 c5 3. Nc3 d5 4. cxd5 Nxd5 5. e4 Nc7 6. d4 cxd4 7. Qxd4 Qxd4 8. Nxd4 e5 9. Ndb5 Nba6 10. Be3 Bb4 11. Bxa7 Bd7 12. Nxc7+ Nxc7 13. Be3 0-0 14. Bd2 Be6 15. a3 Rfd8 16. Rc1 Ba5 17. Nb1 Bb6 18. Bc3 f6 19. Nd2 Rac8 20. Nc4 Bc5 21. Na5 Rb8 22. Bxe5 fxe5 23. Rxc5 b6 24. Rxc7 bxa5 25. Rc2 Bb3 26. Bc4+ Bxc4 27. Rxc4 Rxb2 28. 0-0 Ra2 29. Rc5 Rxa3 30. Rxe5 Ra2 31. Rf5 Re2 32. Rxa5 Rxe4 33. g3 Re2 34. Rf5 Rf8 35. Rxf8+ Kxf8 36. Rb1 Kf7 37. h4 h5 38. Rb5 g6 39. Kg2 Ra2 40. Kf3 Kf6 41. Rb4 Kf5 42. Rf4+ Ke6 43. Rf8 Ra4 44. Kg2 Ke7 45. Rb8 Kf6 46. f3 Rc4 47. Kh3 Ra4 48. Rb3 Kf5 49. g4+ hxg4+ 50. fxg4+ Ke5 51. Rc3 Rb4 52. Ra3 Rc4 1/2-1/2